| 000 | 00920cab a22002295a 4500 | ||
|---|---|---|---|
| 001 | L137456 | ||
| 008 | 070405e20070323xxk f 000 0 eng d | ||
| 035 | _a(Sirsi) u137456 | ||
| 041 | 0 | _aeng | |
| 100 | 1 | _aGeffin, Miles | |
| 245 | 0 | 0 |
_aPractice trends _bproperty |
| 260 | _c2007 | ||
| 490 |
_aSJ _v151(12) 23 March 2007, 377-399(2) |
||
| 520 | _aDiscusses some of the problems that may be ahead for the commercial and residential property markets. These include ever-increasing house prices, HIPs, buy-to-let landlords fuelling the residential property boom, the Tenancy Deposit Scheme, the RICS Service Charge Code of Practice, recovery of rent arrears and parent company guarantees. | ||
| 590 | _aKA | ||
| 650 | 2 | 4 | _aTENANCY DEPOSIT SCHEME (TDS) |
| 650 | 2 | 4 | _aRICS SERVICE CHARGE CODE OF PRACTICE |
| 650 | 2 | 4 | _aHOUSING INVESTMENT PROGRAMME |
| 651 | 4 |
_aUnited Kingdom _y |
|
| 690 | _aPROPERTY | ||
| 942 | _n0 | ||
| 999 |
_c78608 _d78608 |
||